Staying healthy with nutrition : (Record no. 1325)

MARC details
000 -LEADER
fixed length control field 02039cam a22004694a 4500
005 - DATE AND TIME OF LATEST TRANSACTION
control field 20260322212056.0
008 - FIXED-LENGTH DATA ELEMENTS--GENERAL INFORMATION
fixed length control field data
010 ## - LIBRARY OF CONGRESS CONTROL NUMBER
LC control number 2005037354
015 ## - NATIONAL BIBLIOGRAPHY NUMBER
National bibliography number GBA665201
Source bnb
015 ## - NATIONAL BIBLIOGRAPHY NUMBER
National bibliography number GBA606570
Source bnb
016 7# - NATIONAL BIBLIOGRAPHIC AGENCY CONTROL NUMBER
Record control number 101264060
Source DNLM
016 7# - NATIONAL BIBLIOGRAPHIC AGENCY CONTROL NUMBER
Record control number 013517750
Source Uk
016 7# - NATIONAL BIBLIOGRAPHIC AGENCY CONTROL NUMBER
Record control number 013360496
Source Uk
020 ## - INTERNATIONAL STANDARD BOOK NUMBER
International Standard Book Number 1587611791
020 ## - INTERNATIONAL STANDARD BOOK NUMBER
International Standard Book Number 9781587611797
020 ## - INTERNATIONAL STANDARD BOOK NUMBER
International Standard Book Number 1587612828 (hbk.)
020 ## - INTERNATIONAL STANDARD BOOK NUMBER
International Standard Book Number 9781587612824 (hbk.)
040 ## - CATALOGING SOURCE
Original cataloging agency DNLM/DLC
Transcribing agency DLC
Modifying agency DLC
-- BAKER
-- UKM
-- C#P
-- AGL
-- YDXCP
-- OCLCQ
-- BTCTA
-- DLC
042 ## - AUTHENTICATION CODE
Authentication code pcc
043 ## - GEOGRAPHIC AREA CODE
Geographic area code n-us---
050 00 - LIBRARY OF CONGRESS CALL NUMBER
Classification number QP141
Item number .H183 2006
082 00 - DEWEY DECIMAL CLASSIFICATION NUMBER
Classification number 613.2
Edition information 22
001 - CONTROL NUMBER
control field data
100 1# - MAIN ENTRY--PERSONAL NAME
Personal name Haas, Elson M.,
Dates associated with a name 1947-
245 10 - TITLE STATEMENT
Title Staying healthy with nutrition :
Remainder of title the complete guide to diet and nutritional medicine /
Statement of responsibility, etc. Elson M. Haas & Buck Levin.
250 ## - EDITION STATEMENT
Edition statement 21st-century ed.
260 ## - PUBLICATION, DISTRIBUTION, ETC.
Place of publication, distribution, etc. Berkeley :
Name of publisher, distributor, etc. Celestial Arts,
Date of publication, distribution, etc. c2006.
300 ## - PHYSICAL DESCRIPTION
Extent xvi, 927 p. :
Other physical details ill. ;
Dimensions 28 cm.
500 ## - GENERAL NOTE
General note Rev. and updated of Staying healthy with nutrition / Elson M. Haas. c1992.
504 ## - BIBLIOGRAPHY, ETC. NOTE
Bibliography, etc. note Includes bibliographical references (p. 833-891) and index.
505 0# - FORMATTED CONTENTS NOTE
Formatted contents note Water -- Carbohydrates -- Proteins -- Lipids: fats and oils -- Vitamins -- Minerals -- Special supplements -- Foods -- Diets -- Nutritional habits -- Food and the earth -- The components of a healthy diet -- The ideal diet -- Seasonal menu plans and recipes -- Infancy to immortality -- Life stage programs -- Performance enhancement programs -- Medical treatment programs -- Detoxification and cleansing programs.
650 #0 - SUBJECT ADDED ENTRY--TOPICAL TERM
Topical term or geographic name entry element Nutrition.
650 #0 - SUBJECT ADDED ENTRY--TOPICAL TERM
Topical term or geographic name entry element Diet therapy.
650 #2 - SUBJECT ADDED ENTRY--TOPICAL TERM
Topical term or geographic name entry element Nutrition Physiology
Form subdivision Popular Works.
Geographic subdivision United States
650 #2 - SUBJECT ADDED ENTRY--TOPICAL TERM
Topical term or geographic name entry element Cookery
Form subdivision Popular Works.
Geographic subdivision United States
650 #2 - SUBJECT ADDED ENTRY--TOPICAL TERM
Topical term or geographic name entry element Diet
Form subdivision Popular Works.
Geographic subdivision United States
650 #2 - SUBJECT ADDED ENTRY--TOPICAL TERM
Topical term or geographic name entry element Food
Form subdivision Popular Works.
Geographic subdivision United States
650 #2 - SUBJECT ADDED ENTRY--TOPICAL TERM
Topical term or geographic name entry element Health Promotion
Form subdivision Popular Works.
Geographic subdivision United States
650 #2 - SUBJECT ADDED ENTRY--TOPICAL TERM
Topical term or geographic name entry element Life Style
Form subdivision Popular Works.
Geographic subdivision United States
700 1# - ADDED ENTRY--PERSONAL NAME
Personal name Levin, Buck.
856 41 - ELECTRONIC LOCATION AND ACCESS
Materials specified Table of contents
Uniform Resource Identifier <a href="http://www.loc.gov/catdir/toc/ecip065/2005037354.html">http://www.loc.gov/catdir/toc/ecip065/2005037354.html</a>
Holdings
Withdrawn status Lost status Damaged status Not for loan Home library Current library Shelving location Date acquired Total checkouts Full call number Barcode Date last seen Price effective from Koha item type
        Riverside Riverside General stacks 22/03/2026   613.2 22 BC0011368 22/03/2026 22/03/2026 Books